[Event "Regionalliga Sued-Ost 1819"]
[Site "Bayern"]
[Date "2019.02.24"]
[Round "7.8"]
[White "Heiduk, Christoph"]
[Black "Nakamura, Lukas Mikio"]
[Result "0-1"]
[WhiteElo "1855"]
[BlackElo "1950"]
[PlyCount "42"]
[EventDate "2018.10.21"]
[EventType "team-tourn"]
[EventRounds "9"]
[EventCountry "GER"]
[SourceTitle "EXT 2022"]
[Source "ChessBase"]
[SourceDate "2021.10.06"]
[SourceVersion "1"]
[SourceVersionDate "2021.10.06"]
[SourceQuality "1"]
[WhiteTeam "Bayerwald Regen/Zwiesel"]
[BlackTeam "Groebenzell II"]
[WhiteTeamCountry "GER"]
[BlackTeamCountry "GER"]

1. d4 Nf6 2. c4 g6 3. Nc3 Bg7 4. e4 d6 5. Bd3 0-0 6. Nge2 c5 7. d5 e6 8. Bg5 Qb6 9. Qd2 Nbd7 10. f4 exd5 11. cxd5 Re8 12. Bh4 c4 13. Bf2 Nc5 14. Bc2 Qxb2 15. Rb1 Qa3 16. Nb5 Nd3+ 17. Kf1 Nxe4 18. Qd1 Qxa2 19. Be1 Bg4 20. Kg1 Nxe1 21. Qxe1 Qxc2 0-1

[Event "NRW-ch U12"]
[Site "Kranenburg"]
[Date "2009.04.13"]
[Round "1"]
[White "Imcke, Patrick"]
[Black "Nakamura, Lukas Mikio"]
[Result "1-0"]
[WhiteElo "1711"]
[BlackElo "1281"]
[PlyCount "61"]
[EventDate "2009.04.13"]
[EventType "swiss"]
[EventRounds "7"]
[EventCountry "GER"]
[SourceTitle "EXT 2010"]
[Source "ChessBase"]
[SourceDate "2010.11.25"]
[SourceVersion "1"]
[SourceVersionDate "2010.11.25"]
[SourceQuality "1"]

1. e4 e5 2. Nf3 Nc6 3. d4 exd4 4. Nxd4 Bc5 5. Be3 Qf6 6. c3 b6 7. f3 Nge7 8. b4 Bxd4 9. Bxd4 Nxd4 10. cxd4 Qd6 11. a3 a5 12. b5 c5 13. d5 Bb7 14. Nd2 Qe5 15. Be2 d6 16. Rc1 Qg5 17. g3 Ng6 18. Nc4 Qd8 19. f4 Rf8 20. Bf3 f6 21. Rc2 Kf7 22. Qd3 Re8 23. Re2 Re7 24. h4 Qc7 25. Kd1 Rae8 26. Bh5 Bc8 27. f5 Bxf5 28. exf5 Rxe2 29. fxg6+ Kg8 30. gxh7+ Kh8 31. Bxe2 1-0